000 00760nam a2200241Ia 4500
001 14015
003 GE_BSU
008 181216s||||||||xx |||||||||||||| ||und||
020 _a5274003540
040 _cGE_BSU
080 _a696.6(075.32)
100 _aПостников,Н.П. Рубашов,Г.М.
245 _aЭлектроснабжение промышленных предприятий.
245 _bУчебник.
245 _cРед. В.А.Ануфриев.
250 _aИзд. 2-е, перераб. и доп.
260 _aЛ.
260 _bСтройиздат.
260 _c1989.
300 _a352 стр. с илл.
653 _aЭлектроснабжение промышленных предприятий.
942 _cBK
999 _c47157
_d47157